The discovery of France : a historical geography from the Revolution to the First World War /

Bibliographic Details
Main Author: Robb, Graham, 1958-
Format: Book
Language:English
Published: New York : Norton, [2007]
Edition:1st American ed.
Subjects:
Online Access:Table of contents only

MARC

Tag First Indicator Second Indicator Subfields
LEADER 00000cam a22000004a 4500
001 in00002350113
005 20151108053823.0
008 070503s2007 nyuabf b 001 0 eng
010 |a  2007018529 
020 |a 9780393059731 (hardcover) 
020 |a 0393059731 (hardcover) 
035 |a (OCoLC)ocn124031929 
035 |a (OCoLC)124031929 
040 |a DLC  |c DLC  |d BAKER  |d BTCTA  |d JED  |d C#P  |d YDXCP  |d UtOrBLW 
043 |a e-fr--- 
049 |a TXAM 
050 0 0 |a DC20.5  |b .R63 2007 
082 0 0 |a 944  |2 22 
100 1 |a Robb, Graham,  |d 1958- 
245 1 4 |a The discovery of France :  |b a historical geography from the Revolution to the First World War /  |c Graham Robb. 
250 |a 1st American ed. 
264 1 |a New York :  |b Norton,  |c [2007] 
264 4 |c ©2007 
300 |a xvii, 454 pages, 16 unnumbered pages of plates :  |b illustrations (some color), maps ;  |c 25 cm. 
336 |a text  |b txt  |2 rdacontent 
337 |a unmediated  |b n  |2 rdamedia 
338 |a volume  |b nc  |2 rdacarrier 
504 |a Includes bibliographical references (pages 395-427) and indexes. 
651 0 |a France  |x Historical geography. 
651 0 |a France  |x Description and travel. 
651 0 |a France  |x History. 
650 0 |a Cities and towns  |z France  |x History. 
856 4 1 |3 Table of contents only  |u http://www.loc.gov/catdir/toc/ecip0717/2007018529.html  |t 0 
938 |a Baker & Taylor  |b BKTY  |c 27.95  |d 20.96  |i 0393059731  |n 0007260271  |s active 
938 |a Baker and Taylor  |b BTCP  |n BK0007260271 
938 |a YBP Library Services  |b YANK  |n 2563119 
945 |a PromptCat  |b 275111 
946 |a stk 
947 |a A14836504241 
948 |a cataloged  |b h  |c 2007/11/27  |d c  |e dmartine  |f 11:55:32 am 
994 |a 92  |b TXA 
999 |a MARS 
999 f f |s 30ae8ad4-e7cf-33a9-b821-11cc94ef2c3a  |i 4711da2c-f922-3d50-91da-025c7065b25d  |t 0 
952 f f |p normal  |a Texas A&M University  |b College Station  |c Sterling C. Evans Library  |d Evans: Library Stacks  |t 0  |e DC20.5 .R63 2007  |h Library of Congress classification  |i unmediated -- volume  |m A14836504241 
998 f f |a DC20.5 .R63 2007  |t 0  |l Evans: Library Stacks